Statistics for guess the most popular city-not capital {balkan}

Click here to take the quiz!

General Stats

  • This quiz has been taken 32 times
  • The average score is 5 of 9

Answer Stats

HintAnswer% Correct
serbianovi sad
86%
bosnia and herzegovina-the bridgemostar
71%
bulgariaplovdiv
71%
croatiasplit
71%
greecethesssaloniki
68%
albaniadurres
54%
montenegrobudva
46%
macedoniaohrid
46%
kosovopec
21%

Score Distribution

Percentile by Number Answered

Percent of People with Each Score

Your Score History

You have not taken this quiz